000 00377nam a2200181Ia 4500
100 _aComer/Douglas E
650 _aTCP
250 _a2
490 _v3
942 _cBK
366 _f25
245 _aInternetworking with TCP/IP Vol.3
260 _bPrentice Hall of India
_c1996
082 _a4.62
_bCOM
300 _a519
546 _aENGLISH
_cComputers
999 _c31640
_d31640